000 00636nam a2200205 a 4500
001 12177
003 CO-ViMGA
008 141112s2004 ck r 000 u spa d
020 _a8428322392
040 _aCO-ViMGA
_bspa
_cCO-ViMGA
082 0 4 _a629.892 A54r
100 1 _aAngulo Usategui, Jose Maria
_917244
245 1 0 _aRobotica Practica
260 _aMadrid,
_cEd. Paraninfo,
_c1999
300 _a451 p. il. diagrs, + 2 disk
590 _aForma de adquisición : COMPRA - - Precio : 78.000 - - Proveedor : FIS - - Fecha de adquisición : Sept. 23, 2000
650 1 4 _aROBOTICA
_954146
650 1 4 _aROBOTS
_917245
942 _2ddc
_cBK
999 _c23191
_d23191